Kinh tế '98 - '99 Việt Nam và thế giới

সংরক্ষণ করুন:
গ্রন্থ-পঞ্জীর বিবরন
বিন্যাস: গ্রন্থ
ভাষা:Undetermined
প্রকাশিত: Hà Nội Thời Báo Kinh Tế Việt Nam 1999
বিষয়গুলি:
ট্যাগগুলো: ট্যাগ যুক্ত করুন
কোনো ট্যাগ নেই, প্রথমজন হিসাবে ট্যাগ করুন!
Thư viện lưu trữ: Trung tâm Học liệu Trường Đại học Cần Thơ
LEADER 00549nam a2200181Ia 4500
001 CTU_29782
008 210402s9999 xx 000 0 und d
020 |b 20.000đ 
082 |a 330.9 
082 |b K312 
245 0 |a Kinh tế '98 - '99 
245 0 |b Việt Nam và thế giới 
260 |a Hà Nội 
260 |b Thời Báo Kinh Tế Việt Nam 
260 |c 1999 
650 |a vietnam - economic aspects,vietnam - economic conditions 
904 |i Minh, 990422 
980 |a Trung tâm Học liệu Trường Đại học Cần Thơ